000 00636nac a22001691u 4500
010 _a 81135812
020 _a0600367770 :
082 0 0 _a324.2410
_bMOO
090 _c5134
_d5134
100 _aMoore, Sheila,
245 1 4 _aThe Conservative Party :
_bthe first 150 years /
_cSheila Moore ; foreword by Margaret Thatcher.
260 _aRichmond-upon-Thames :
_bCountry Life Books,1980.
_c1980.
300 _a175 p. :
_bill. (some col.), facsims., ports. (some col.) ;
_c31 cm.
500 _aIncludes index.
610 2 0 _aConservative Party (Great Britain)
_xHistory.
942 _cBB
_k324.2410MOO
999 _c5134
_d5134